| 000 | 00617nam a2200205 4500 | ||
|---|---|---|---|
| 005 | 20251006082502.0 | ||
| 020 |
_a9781847034922 _cTZS. 16,500 /= |
||
| 040 |
_aMCCL _beng. _eAACR 2nd rev.ed. |
||
| 082 | _a343.034 GAT | ||
| 245 | _aGatley on libel and slander | ||
| 250 | _a11th ed. | ||
| 260 |
_aLondon: _bThomson reuters. ; _cc 2010. |
||
| 300 |
_axxvi,204 p. : _c23 cm. |
||
| 520 | _a'This supplement brings the text up-to-date with developments in the law since publication of the 11th edition | ||
| 546 | _aeng. | ||
| 650 | _aDefamation | ||
| 650 | _aHuman rights | ||
| 650 | _aRehabilitation | ||
| 942 | _cBK | ||
| 999 |
_c11971 _d11971 |
||